Coworkingy a zmena spôsobu ich práce vplyvom COVID krízy bakalárska práca

Na minha lista:
Detalhes bibliográficos
Autor principal: Marchevková, Alena
Autor Corporativo: Národohospodárska fakulta EU. Katedra verejnej správy a regionálneho rozvoja
Outros Autores: Belvončíková, Eva, 1975-
Formato: Livro
Idioma:eslovaco
Publicado em: Bratislava 2022
Tags: Adicionar Tag
Sem tags, seja o primeiro a adicionar uma tag!

MARC

LEADER 00000nbm a2200000 4500
001 0285049
005 20221104101412.2
041 0 |a slo 
044 |a SK 
245 1 0 |a Coworkingy a zmena spôsobu ich práce vplyvom COVID krízy  |b bakalárska práca  |c Alena Marchevková ; školiteľ: Eva Belvončíková 
264 1 |a Bratislava  |c 2022 
300 |a 50 s. 
100 1 |a Marchevková, Alena 
700 1 |a Belvončíková, Eva, 1975- 
710 2 |a Národohospodárska fakulta EU. Katedra verejnej správy a regionálneho rozvoja